| 000 | 00629nam a22001577a 4500 | ||
|---|---|---|---|
| 003 | SGT | ||
| 020 | _a9789327231137 | ||
| 082 | _a658.4034, CHA | ||
| 100 | _aCHAWLA K.K. | ||
| 245 | _aOPERATION RESEARCH QUANTITATIVE ANALYSIS FOR MANAGEMENT | ||
| 260 |
_aNEW DELHI _bLALYANI _c2014 |
||
| 300 | _aV.P. | ||
| 650 | _aMATHEMATICS & OPERATION RESEARCH | ||
| 653 | _aINTRODUCTION TO OPERATIONS RESEARCH, MATRICES, THEORY OF PROBABILITY, LINEAR PROGRAMMING, LPP- SIMPLEX METHOD, TWO PHASE SIMPLEX METHOD, DUALITY, DUAL SIMPLEX, ASSIGNMENT PROBLEM, GAME THEORY, NETWORK ANALYSIS-PERT AND CPM, INVENTORY CONTROL, | ||
| 942 |
_2ddc _cFCM |
||
| 999 |
_c9205 _d9205 |
||